[Event "Gatwick e2e4 int op-B"]
[Site "Gatwick"]
[Date "2011.10.30"]
[Round "9"]
[White "Muir, Daniel M"]
[Black "Kalaiyalahan, Akshaya"]
[Result "0-1"]
[WhiteElo "1674"]
[BlackElo "1684"]
[PlyCount "106"]
[EventDate "2011.10.26"]
[EventType "swiss"]
[EventRounds "9"]
[EventCountry "ENG"]
[SourceTitle "EXT 2014"]
[Source "ChessBase"]
[SourceDate "2013.11.20"]
[SourceVersion "1"]
[SourceVersionDate "2013.11.20"]
[SourceQuality "1"]

1. d4 Nf6 2. Nf3 g6 3. Nc3 d5 4. Bf4 Bg7 5. e3 0-0 6. Be2 a6 7. 0-0 Nbd7 8. Bd3 c5 9. Re1 b6 10. Bg3 Bb7 11. b3 b5 12. e4 cxd4 13. Nxd4 dxe4 14. Nxe4 Nxe4 15. Bxe4 Bxe4 16. Rxe4 Nc5 17. Re2 Qxd4 18. Qxd4 Bxd4 19. Rd1 Bf6 20. Be5 Rad8 21. Red2 Rxd2 22. Rxd2 Bxe5 23. Rd5 Bd6 24. f3 Rd8 25. Kf1 e6 26. Rd1 Kf8 27. Ke2 Ke7 28. g3 Kd7 29. Kd2 b4 30. c3 bxc3+ 31. Kxc3 Kc6 32. Kc4 Be7 33. Rxd8 Bxd8 34. b4 Nd7 35. f4 f6 36. a4 e5 37. fxe5 fxe5 38. g4 Bc7 39. b5+ axb5+ 40. axb5+ Kb6 41. h3 e4 42. Kd4 Nc5 43. h4 Kxb5 44. h5 g5 45. Ke3 Bf4+ 46. Ke2 e3 47. h6 Kc4 48. Kd1 Kd3 49. Ke1 e2 50. Kf2 Kd2 51. Kf3 e1Q 52. Kg2 Qe2+ 53. Kg1 Bg3 0-1

[Event "Gatwick e2e4 int op-B"]
[Site "Gatwick"]
[Date "2011.10.30"]
[Round "8"]
[White "Muir, Daniel M"]
[Black "Zhou, Yang Jian"]
[Result "0-1"]
[WhiteElo "1674"]
[BlackElo "1605"]
[PlyCount "114"]
[EventDate "2011.10.26"]
[EventType "swiss"]
[EventRounds "9"]
[EventCountry "ENG"]
[SourceTitle "EXT 2014"]
[Source "ChessBase"]
[SourceDate "2013.11.20"]
[SourceVersion "1"]
[SourceVersionDate "2013.11.20"]
[SourceQuality "1"]

1. d4 d5 2. Nf3 Nf6 3. c4 e6 4. Bg5 Nbd7 5. Nc3 Be7 6. e3 0-0 7. Rc1 h6 8. Bf4 dxc4 9. Bxc4 Nh5 10. Bg3 Nxg3 11. hxg3 Nb6 12. Bd3 Nd5 13. Nxd5 exd5 14. Qc2 c6 15. Ne5 Qa5+ 16. Ke2 Qc7 17. Rh2 Bf6 18. Nf3 Bg4 19. Rch1 Rfe8 20. Kd2 Qa5+ 21. Qc3 Qxa2 22. Ne1 Bd8 23. Nc2 Qa5 24. b4 Qc7 25. Ra1 a5 26. bxa5 Rxa5 27. Rhh1 Rxa1 28. Rxa1 Bf6 29. Nb4 Rb8 30. Nxd5 Qd8 31. Nxf6+ Qxf6 32. Rf1 Ra8 33. f3 Ra2+ 34. Bc2 Bf5 35. Rc1 Bxc2 36. Rxc2 Rxc2+ 37. Kxc2 Qg6+ 38. Qd3 Qxg3 39. Qe2 Qg6+ 40. e4 Qd6 41. Qd3 c5 42. dxc5 Qxc5+ 43. Qc3 Qxc3+ 44. Kxc3 Kh7 45. g3 h5 46. Kd4 h4 47. gxh4 Kg6 48. f4 Kh5 49. f5 Kxh4 50. e5 Kg5 51. e6 fxe6 52. fxe6 Kf6 53. Kd5 Ke7 54. Ke5 b5 55. Kd5 g5 56. Kc5 g4 57. Kxb5 g3 0-1

[Event "Gatwick e2e4 int op-B"]
[Site "Gatwick"]
[Date "2011.10.27"]
[Round "3"]
[White "Muir, Daniel M"]
[Black "Rough, Robert E"]
[Result "1/2-1/2"]
[WhiteElo "1674"]
[BlackElo "1752"]
[PlyCount "125"]
[EventDate "2011.10.26"]
[EventType "swiss"]
[EventRounds "9"]
[EventCountry "ENG"]
[SourceTitle "EXT 2014"]
[Source "ChessBase"]
[SourceDate "2013.11.20"]
[SourceVersion "1"]
[SourceVersionDate "2013.11.20"]
[SourceQuality "1"]

1. d4 Nf6 2. Nf3 g6 3. Nc3 d5 4. Bf4 c6 5. e3 Bg7 6. Be2 0-0 7. 0-0 Qe8 8. Ne5 Nbd7 9. h4 Nxe5 10. dxe5 Nd7 11. e4 dxe4 12. Nxe4 Nxe5 13. h5 Qd8 14. Qc1 Qb6 15. Bh6 Bf5 16. Ng3 Be6 17. Qg5 f6 18. Qc1 Nf7 19. Bxg7 Kxg7 20. hxg6 hxg6 21. Bd3 Ne5 22. Be2 Rad8 23. b3 Rd4 24. Qe3 Rd6 25. Qxb6 axb6 26. Ne4 Rd7 27. Rad1 Rfd8 28. c4 Rxd1 29. Rxd1 Rxd1+ 30. Bxd1 Kf8 31. Be2 Ke8 32. f3 Kd8 33. Kf2 Nf7 34. Ke3 Kc7 35. Kd4 Nd6 36. Nxd6 Kxd6 37. Bd3 Bf7 38. f4 c5+ 39. Ke4 e6 40. g3 f5+ 41. Ke3 Be8 42. a3 e5 43. fxe5+ Kxe5 44. Bc2 b5 45. Bd3 bxc4 46. Bxc4 b5 47. Bd3 g5 48. Be2 Bc6 49. Bf1 f4+ 50. gxf4+ gxf4+ 51. Kd3 f3 52. Ke3 f2 53. a4 bxa4 54. bxa4 Bxa4 55. Kxf2 Kd4 56. Ke1 Bb3 57. Kd2 Bc4 58. Bxc4 Kxc4 59. Kc2 Kd4 60. Kd2 c4 61. Kc2 c3 62. Kc1 Kd3 63. Kd1 1/2-1/2